Tilastot visalle Arvaa joululaulu #4

Klikkaa tästä pelataksesi tätä visaa!

Yleistilastot

  • Tätä visaa on pelattu 54 kertaa
  • Keskiarvotulos 6 / 15

Vastaustilastot

HintVastaus% Oikein
Tonttujoukko silloin varpahillaan / varpahillaan / varovasti hiipii alta sillanTonttujen jouluyö
73%
Nyt sitä saa, nyt sitä saa / vatsansa täyteen puurooJoulu on taas
71%
Ja pukin tärkein alainen / Hän urkkii, kurkkii, vakoilee / ja sitten raportoiTonttu Torvinen
62%
Eikä rasita koulu / syyt on olla iloinenKoska meillä on joulu
60%
Tähti ja kuusi, lyhtykin uusi / siinäkö joulu on?Joulu saapuu jokaiselle
51%
Ilta joulun on, käymme joukkohon / kevyt kengin vain sipi-sipsuttainSinivuorten yö
42%
Minä tahtoisin isä jo kotiin / isä minua väsyttää / Hän nostaa pienet kasvot / ja huuli värähtääKirkossa
40%
Iltasella rakensin mä pienen seimen huoneessain / kun löysin vanhan pahvilaatikonKolme yötä jouluun on
38%
Vaan ajatukset, työ ja arki kiireinen / on sumentaneet lapsen herkkyydenTähti tähdistä kirkkain
36%
On eessä virma hevonen, hiljaa kulkuset soi / reessä vällyn alla kylmä ei tulla nyt voiRekiretki
33%
Mutta missä on se valtakunta / Kun tulet vain tuntureiden taaJoulupukin maa
31%
Paikka hiljainen on / tumma liikkumaton / äidin haudalle valon hän suoKonsta Jylhän joululaulu
27%
Ja sama riita meillä oli joka joulu / kumpi ehti.. pukin partaa kiskomaanPikkuveljen joulupuuro
22%
Isä tullutkaan ei / poron suojaan hän vei / kotiin saapui myöhemminLapsuusjoulut
7%
Juhla kaikkien juhlien! / Kunnia Herran! Jällehen kerran / sointuvi laulu nyt enkeltenOi sä riemuisa
4%

Tulosjakauma

Persentiili vastausten määrän mukaan

Jokaisen tuloksen saaneiden osuus

Tuloshistoriasi

Et ole pelannut tätä visaa